000 00442nam a2200181Ia 4500
999 _c25798
_d25798
003 0100
005 20170427162658.0
008 130303s9999 xx 000 0 und d
040 _cARRUPELIB
050 _aDT962.82.M83S64
100 _aSmith, David
_926427
245 _aMugabe
260 _bPioneer Head
_aSalisbury
_c1981
300 _a222p
650 _aMugabe, Robert
_xZimbabwe
_xPolitics
_y1980
_926428
942 _2lcc
_cMONOGRAPH